Diseño metodológico para la gestión de proyectos de desarrollo de Software en las instituciones gubernamentales de Nicaragua, caso de estudio: Ministerio del Trabajo

El trabajo aborda una propuesta metodológica para la gestión de proyectos de desarrollo de software en las instituciones Gubernamentales de Nicaragua, realizándose el caso de estudio en el Ministerio del Trabajo, en el que se realiza un diagnóstico de todos los servicios, funciones y productos q...

Full description

Bibliographic Details
Main Author: Ortiz Guadamuz, Kenia Esmeralda
Other Authors: Tutor: Pérez Rojas, Aurora
Format: Tesis Section = Libro
Language:Undetermined
Spanish
Published: Managua UNI 2014
Subjects:
LEADER 01357nam a2200253Ia 4500
008 240830s9999 xx 000 0 und d
040 |a BIBLIOTECA-RUPAP M.Mon 025.04 O77 
041 |a spa 
082 |a M.Mon 025.04 O77 
100 1 |a Ortiz Guadamuz, Kenia Esmeralda 
245 1 0 |a Diseño metodológico para la gestión de proyectos de desarrollo de Software en las instituciones gubernamentales de Nicaragua, caso de estudio: Ministerio del Trabajo 
260 |a Managua  |b UNI  |c 2014 
300 |a 86 p. :il. 
500 |a Contiene: anexos. 
502 |a Tesis (Máster en Informática Empresarial)- UNI, 2014. 
520 3 |a El trabajo aborda una propuesta metodológica para la gestión de proyectos de desarrollo de software en las instituciones Gubernamentales de Nicaragua, realizándose el caso de estudio en el Ministerio del Trabajo, en el que se realiza un diagnóstico de todos los servicios, funciones y productos que la división de informática lleva a cabo así como de los procesos que se realizan en una consultoría. 
650 7 |a DESARROLLO DE SOFTWARE-ANALSIS Y DISEÑO 
650 7 |b SISTEMAS DE INFORMACION AUTOMATIZADO 
650 7 |c ADMINISTRACION DE SISTEMAS DE INFORAMCION 
650 7 |d TECNOLOGIA DE LA INFORMACION DE DATOS 
700 1 |a Tutor:  |b Pérez Rojas, Aurora 
942 |c BK  |2 ddc 
991 |a TESIS 
999 |c 15181